| 000 | 01002nam a22003137a 4500 | ||
|---|---|---|---|
| 001 | 603 | ||
| 005 | 20230627093958.0 | ||
| 008 | 230626b cb ||||| |||| 00| 0 eng d | ||
| 020 |
_a0893756520 : _c$7.95 (est.) |
||
| 020 |
_a0893756539 (pbk.) : _c$1.25 (est.) |
||
| 040 |
_aDLC _cDLC _dDLC _beng |
||
| 050 | 0 | 0 |
_aQH91.16 _b.P35 1982 |
| 082 | 0 | 0 |
_a574.92 _219 |
| 100 | 2 | _aMelvin, Berger. | |
| 245 | 1 | 0 |
_aWhat's under the ocean / _cwritten by Melvin and Berger |
| 250 | _aFirst printing, September. | ||
| 260 |
_aNew York : _bScholastic. _c2006. |
||
| 300 |
_a32 pages : _bcolor illustrations ; _c18 x 22 cm. |
||
| 490 | 0 | _aNow I know : | |
| 505 | _aF | ||
| 520 | _aBrief text and pictures introduce some animals and plants that live in the ocean. | ||
| 521 |
_a330
_bLexile |
||
| 521 |
_aF
_bRaz-Plus |
||
| 650 | 0 |
_aMarine biology _xJuvenile literature. |
|
| 650 | 1 | _aMarine biology. | |
| 650 | 1 | _aOcean. | |
| 906 |
_a7 _bcbc _corignew _d1 _eocip _f19 _gy-gencatlg |
||
| 942 |
_2ddc _cBK _n0 |
||
| 999 |
_c603 _d603 |
||